| 000 | 01080nam a2200289 i 4500 | ||
|---|---|---|---|
| 003 | EG-ScBUE | ||
| 005 | 20240219124157.0 | ||
| 008 | 100401s2008 le o f 000 0bbara d | ||
| 020 | _a9789953742083 | ||
| 040 |
_aEG-ScBUE _bara _erda _cEG-ScBUE _dEG-ScBUE |
||
| 043 |
_aawba--- _aawgz--- |
||
| 082 | 0 | 4 |
_222 _a956.9405092 _bم ط ر |
| 100 | 1 |
_913561 _aمطر، فؤاد، _eمؤلف. |
|
| 245 | 1 | 0 |
_aحكيم الثورة : _bسيرة جورج حبش ونضاله / _cفؤاد مطر. |
| 250 | _aالطبعة الأولى. | ||
| 264 | 1 |
_aبيروت : _bدار النهار للنشر، _c2008. |
|
| 300 |
_a155 صفحة : _bصور ؛ _c22 سم. |
||
| 336 |
_2rdacontent _aنص _btxt |
||
| 337 |
_aبدون وسيط _2rdamedia _bn |
||
| 338 |
_aمجلد _bnc _2rdacarrier |
||
| 490 | 0 | _aسلسلة أعماله الشاملة | |
| 600 | 1 | 7 |
_913341 _aحبش، جورج. _2BUEsh |
| 650 | 7 |
_aالسياسيون الفلسطينيون _vتراجم. _2BUEsh |
|
| 651 | 7 |
_913340 _aفلسطين _xتاريخ _yالعصر الحديث. _2BUEsh |
|
| 655 | _vReading book | ||
| 942 |
_2ddc _cBB |
||
| 999 |
_c13892 _d13892 |
||